Politische Ideologien - Statistiken

Allgemein
  • Dieses Quiz wurde 239 mal gespielt
  • Das Durchschnittsergebnis liegt bei 5 aus 12
Antwortstatistiken
Hint Antwort % Korrekt
K Kommunismus
88%
S Sozialismus
80%
K Kapitalismus
69%
M Marxismus
66%
L Liberalismus
50%
A Anarchismus
46%
F Faschismus
39%
K Konservatismus
18%
M Monarchismus
16%
P Populismus
9%
N Nazismus
7%
S Separatismus
0%
Keine übereinstimmenden Quizze gefunden
Verteilung der Resultate
Anzahl Personen mit jedem Resultat
Perzentil nach korrekt beantworteten Fragen
Ihre Resultats-Entwicklung
Sie haben dieses Quiz noch nicht gespielt